| 000 | 00569nam a2200205Ia 4500 | ||
|---|---|---|---|
| 005 | 20250923150044.0 | ||
| 008 | 008 250917s9999 xx 000 0 eng d | ||
| 037 | _aTextual | ||
| 040 |
_aDSWL _beng _cDSWL |
||
| 041 |
_aeng _2eng |
||
| 084 |
_aY2:1:7x, P00 _qDSWL |
||
| 100 |
_aRoy, P. K. _9841730 |
||
| 245 | 4 |
_aThe Indian family: Change and resistance _c by P. K. Roy |
|
| 260 |
_aNew Delhi _b Gyan Publication _c2000 |
||
| 300 | _a404p. | ||
| 365 |
_aINR _b750 |
||
| 925 | _g750 | ||
| 942 |
_cTEXL _hY2:1:7x, P00 |
||
| 999 |
_c1459049 _d1459049 |
||